Modern agriculture management (Record no. 33108)

MARC details
000 -LEADER
fixed length control field 00353nam a2200133Ia 4500
082 ## - DEWEY DECIMAL CLASSIFICATION NUMBER
Classification number 65:63
Item number OSB
100 ## - MAIN ENTRY--AUTHOR NAME
Personal name Osburn, Donald D
245 #0 - TITLE STATEMENT
Title Modern agriculture management
260 ## - PUBLICATION, DISTRIBUTION, ETC. (IMPRINT)
Place of publication Virginia
Name of publisher Reston
Year of publication 1978
650 ## - SUBJECT ADDED ENTRY--TOPICAL TERM
Topical Term Agricultural management
700 ## - ADDED ENTRY--PERSONAL NAME
Personal name Schneeberger, Kenneth C
942 ## - ADDED ENTRY ELEMENTS (KOHA)
Koha item type Books
Holdings
Withdrawn status Lost status Damaged status Not for loan Home library Current library Date acquired Cost, normal purchase price Full call number Accession Number Koha item type
        RRII Library RRII Library 16/12/2021 12.95 65:63 OSB 13609 Books